Vật lý Plasma Khí ion hóa
Đã lưu trong:
| Tác giả chính: | |
|---|---|
| Định dạng: | Sách |
| Ngôn ngữ: | Undetermined |
| Được phát hành: |
TP.HCM
Đại học Quốc gia TP.HCM
1998
|
| Những chủ đề: | |
| Truy cập trực tuyến: | http://lrc.tdmu.edu.vn/opac/search/detail.asp?aID=2&ID=4105 |
| Các nhãn: |
Thêm thẻ
Không có thẻ, Là người đầu tiên thẻ bản ghi này!
|
| Thư viện lưu trữ: | Trung tâm Học liệu Trường Đại học Thủ Dầu Một |
|---|
| LEADER | 00659nam a2200205Ia 4500 | ||
|---|---|---|---|
| 001 | TDMU_4105 | ||
| 008 | 210410s9999 xx 000 0 und d | ||
| 082 | |a 539.7 | ||
| 090 | |b NG527 | ||
| 100 | |a Nguyễn, Hữu Chí | ||
| 245 | 0 | |a Vật lý Plasma | |
| 245 | 0 | |b Khí ion hóa | |
| 245 | 0 | |c Nguyễn Hữu Chí | |
| 260 | |a TP.HCM | ||
| 260 | |b Đại học Quốc gia TP.HCM | ||
| 260 | |c 1998 | ||
| 300 | |a 253tr. | ||
| 650 | |a Vật lý Plasma; Vật lý hạt nhân; Khí ion hóa | ||
| 856 | |u http://lrc.tdmu.edu.vn/opac/search/detail.asp?aID=2&ID=4105 | ||
| 980 | |a Trung tâm Học liệu Trường Đại học Thủ Dầu Một | ||